Účtovanie a vykazovanie pohľadávok a záväzkov voči zamestnancom (aplikácia na konkrétnu účtovnú jednotku) bakalárska práca

Na minha lista:
Detalhes bibliográficos
Autor principal: Vančová, Jana
Autor Corporativo: Fakulta hospodárskej informatiky EU. Katedra účtovníctva a audítorstva
Outros Autores: Ondrušová, Lucia, 1981-
Formato: Livro
Idioma:eslovaco
Publicado em: Bratislava 2021
Tags: Adicionar Tag
Sem tags, seja o primeiro a adicionar uma tag!

MARC

LEADER 00000nbm a2200000 4500
001 0276303
005 20220322143412.3
041 0 |a slo 
044 |a SK 
245 1 0 |a Účtovanie a vykazovanie pohľadávok a záväzkov voči zamestnancom (aplikácia na konkrétnu účtovnú jednotku)  |b bakalárska práca  |c Jana Vančová ; školiteľ: Lucia Ondrušová 
264 1 |a Bratislava  |c 2021 
300 |a 59 s. 
100 1 |a Vančová, Jana 
700 1 |a Ondrušová, Lucia, 1981- 
710 2 |a Fakulta hospodárskej informatiky EU. Katedra účtovníctva a audítorstva